Central Library OPAC University of Rajshahi

Biosocial man : (Record no. 70503)

MARC details
000 -LEADER
fixed length control field 00877nam a2200253 a 4500
001 - CONTROL NUMBER
control field 70503
003 - CONTROL NUMBER IDENTIFIER
rucl marc code BD-RjUL
005 - DATE AND TIME OF LATEST TRANSACTION
control field 20211209082017.0
008 - FIXED-LENGTH DATA ELEMENTS--GENERAL INFORMATION
fixed length control field 170417s1977 enkab b 001 0 eng
020 ## - INTERNATIONAL STANDARD BOOK NUMBER
International Standard Book Number 0900490098 :
Terms of availability £4.00
035 ## - SYSTEM CONTROL NUMBER
System control number (BD-RjUL)70717
040 ## - CATALOGING SOURCE
Original cataloging agency DLC
Transcribing agency DLC
Modifying agency DLC
-- BD-RjUL
Language of cataloging eng
041 ## - LANGUAGE CODE
Language code of text/sound track or separate title eng
082 00 - DEWEY DECIMAL CLASSIFICATION NUMBER
Edition number 23
Classification number 304.5
Author mark and year BIO 1977
245 10 - TITLE STATEMENT
Title Biosocial man :
Remainder of title studies related to the interaction of biological and cultural factors in human populations /
Statement of responsibility, etc. edited by Don Brothwell
260 ## - PUBLICATION, DISTRIBUTION, ETC. (IMPRINT)
Place of publication, distribution, etc. London :
Name of publisher, distributor, etc. Institute of Biology for the Eugenics Society,
Date of publication, distribution, etc. 1977.
300 ## - PHYSICAL DESCRIPTION
Pagination viii, 296 p. :
Illustrations ill. ;
Size 22 cm.
490 1# - SERIES STATEMENT
Series statement Eugenics Society reader ;
Volume/sequential designation 1
504 ## - BIBLIOGRAPHY, ETC. NOTE
Bibliography, etc Includes bibliographies and index.
650 #0 - SUBJECT ADDED ENTRY--TOPICAL TERM
Topical term or geographic name as entry element Sociobiology.
9 (RLIN) 208703
700 1# - ADDED ENTRY--PERSONAL NAME
Personal name Brothwell, Don R.
830 ## - SERIES ADDED ENTRY--UNIFORM TITLE
Uniform title Eugenics Society reader ;
Volume number/sequential designation 1
942 ## - ADDED ENTRY ELEMENTS (KOHA)
Source of classification or shelving scheme Dewey Decimal Classification
Koha item type Books
Holdings
Lost status Source of classification or shelving scheme Damaged status Not for loan Collection code Permanent Location Current Location Shelving location Date acquired Source of acquisition Cost, normal purchase price Total Checkouts Full call number Date last seen Copy number Koha item type
  Dewey Decimal Classification   Not For Loan Non-fiction Central Library, University of Rajshahi Central Library, University of Rajshahi Reading Room 28/11/1991 Canada 0.00   304.5 BIO 1977 17/04/2017 C-1 Books